Loading...

Costing

Bibliographic Details
Main Author: Lucey, T.
Format: Printed Book
Language:English
Published: New York Dp publications 1996
Edition:5th ed.
Subjects:
LEADER 00536nam a22001817a 4500
005 20151215125326.0
008 091126t xxu||||| |||| 00| 0 eng d
082 |a 657.42  |b LUC 
100 |a Lucey, T.  |9 10979 
245 |a Costing 
250 |a 5th ed. 
300 |a 618p. 
653 |a Costing 
942 |c BK  |6 _ 
260 |a New York  |b Dp publications  |c 1996 
020 |a 18580521527 
999 |c 101769  |d 101769 
952 |0 0  |1 0  |2 ddc  |4 0  |6 65742_LUC  |7 0  |9 128403  |a SMS  |b SMS  |c GEN  |d 2009-11-26  |l 1  |o 657.42 LUC  |p SMS019565  |r 2013-05-08  |s 2013-05-03  |w 2009-11-26  |y BK